Statistics for Countries that End with L

Click here to take the quiz!

General Stats

  • This quiz has been taken 75 times
  • The average score is 4 of 5

Answer Stats

HintAnswer% Correct
South AmericaBrazil
91%
EuropePortugal
84%
AsiaNepal
79%
AfricaSenegal
78%
AsiaIsrael
60%

Score Distribution

Percentile by Number Answered

Percent of People with Each Score

Your Score History

You have not taken this quiz